Among Us Tasks - Skeld - Statistics

General Stats
  • This quiz has been taken 34 times
    31 since last reset
  • The average score is 27 of 39
Answer Stats
Room Answer % Correct
Cafeteria Fix Wiring
91%
Navigation Fix Wiring
91%
Admin Fix Wiring
91%
Storage Fix Wiring
91%
Electrical Fix Wiring
91%
Security Fix Wiring
91%
Cafeteria Empty Garbage
86%
O2 Empty Garbage
86%
Storage Empty Garbage
86%
Electrical Divert Power
82%
Cafeteria Download Data
82%
Weapons Download Data
82%
Navigation Download Data
82%
Communications Download Data
82%
Electrical Download Data
82%
Reactor Start Reactor
82%
Weapons Clear Asteroids
77%
Admin Swipe Card
77%
Admin Upload Data
77%
Navigation Chart Course
73%
MedBay Submit Scan
73%
Shields Prime Shields
68%
Reactor Unlock Manifolds
64%
Storage Fuel Engine
59%
Lower Engine Fuel Engine
59%
Upper Engine Fuel Engine
59%
Weapons Accept Diverted Power
50%
O2 Accept Diverted Power
50%
Shields Accept Diverted Power
50%
Communications Accept Diverted Power
50%
Lower Engine Accept Diverted Power
50%
Security Accept Diverted Power
50%
Upper Engine Accept Diverted Power
50%
Lower Engine Align Engine Output
50%
Upper Engine Align Engine Output
50%
Navigation Stabilize Steering
50%
Electrical Calibrate Distributor
45%
MedBay Inspect Samples
36%
O2 Clean O2 Filters
9%
No matching quizzes found
Score Distribution
Percent of People with Each Score
Percentile by Number Answered
Your Score History
You have not taken this quiz since the last reset